| 000 | 00474nam a22001697a 4500 | ||
|---|---|---|---|
| 999 |
_c525534 _d525534 |
||
| 003 | NUST | ||
| 038 | _awaseem | ||
| 082 |
_a297.54914 _bGHA |
||
| 100 |
_aShahzad, Ghafar _916432 |
||
| 245 |
_aPunjab Mein Khanqai Culture / _cGhafar Shahzad |
||
| 260 |
_aLahore : _bFiction House, _c2007. |
||
| 300 | _aill, 208 p. ; | ||
| 500 | _aHardcover. | ||
| 880 |
_6100-01\r _aغافر شہزاد |
||
| 880 |
_6245-02\r _aپنجاب میں خانقاہی کلچر / |
||
| 942 |
_2ddc _cBK |
||